Marketingový mix a obec

Vlastnosti verejných služieb a ich vplyv na marketing. Pojmové vymedzenie marketingového mixu. Nástroje marketingového mixu. Marketingový mix pre produkt obce.

Saved in:
Bibliographic Details
Format: Book Chapter
Language:Slovak
Subjects:
Tags: Add Tag
No Tags, Be the first to tag this record!

MARC

LEADER 00000naa a2200000 4500
001 r044293
005 20230920074030.1
041 0 |a slo 
044 |a SK 
245 1 0 |a Marketingový mix a obec 
520 |a Vlastnosti verejných služieb a ich vplyv na marketing. Pojmové vymedzenie marketingového mixu. Nástroje marketingového mixu. Marketingový mix pre produkt obce. 
610 2 0 |a marketing mix 
610 2 0 |a obce 
610 2 0 |a služby verejné